| 000 | 00712nam a22001577a 4500 | ||
|---|---|---|---|
| 003 | OSt | ||
| 005 | 20150927165627.0 | ||
| 008 | 150927b xxu||||| |||| 00| 0 eng d | ||
| 040 | _cRUA | ||
| 082 | _aAGR YEU 2011 B050 Or.1 | ||
| 100 |
_91462 _aYEUN, VUTHA |
||
| 245 | _aEffect of rice establishment methods on senpidou rice growth and yields under dry season, ឥទ្ទិពលនៃវិធីសាស្រ្តដាំដុះទៅលើការលូតលាស់ និងទិន្នផលស្រូវសែនពិដោរក្នុងលក្ខខណ្ដរដូវប្រាំង | ||
| 260 |
_aPhnom Penh _bRUA _c2011 |
||
| 300 |
_axi, 57p. _bill. _c29cm. |
||
| 942 |
_2ddc _cAGR |
||
| 999 |
_c1374 _d1374 |
||